000 00513nam a2200193Ia 4500
001 21170
003 GE_BSU
008 181216s||||||||xx |||||||||||||| ||und||
040 _cGE_BSU
245 4 _aThe Economist, August 5th-11th. number 9052. 2017
245 _bvolume 412 number 8904
260 _aParis
260 _c2017
300 _a70 p. 27cm. ill.
653 _aThe Economist, August 5th-11th. number 9052. 2017
653 _aПериодика
653 _aპერიოდიკა
942 _cCR
999 _c54115
_d54115